THE BIOLOGY OF LICHENS:CONTEMPORARY BIOLOGY (Record no. 192027)
[ view plain ]
| 000 -LEADER | |
|---|---|
| fixed length control field | 00559nam a2200205Ia 4500 |
| 003 - CONTROL NUMBER IDENTIFIER | |
| control field | OSt |
| 005 - DATE AND TIME OF LATEST TRANSACTION | |
| control field | 20260311112900.0 |
| 020 ## - INTERNATIONAL STANDARD BOOK NUMBER | |
| International Standard Book Number | 0-7131-2457-1 |
| 040 ## - CATALOGING SOURCE | |
| Transcribing agency | LCC |
| 050 ## - LIBRARY OF CONGRESS CALL NUMBER | |
| Classification number | QH 581.2 .H35 1967 |
| 100 ## - MAIN ENTRY--PERSONAL NAME | |
| Personal name | HALE,MASON E. |
| 245 #4 - TITLE STATEMENT | |
| Title | THE BIOLOGY OF LICHENS:CONTEMPORARY BIOLOGY |
| 250 ## - EDITION STATEMENT | |
| Edition statement | 2 |
| 260 ## - PUBLICATION, DISTRIBUTION, ETC. | |
| Place of publication, distribution, etc. | LONDON, |
| Name of publisher, distributor, etc. | EDWARD ARNOLD PUBLISHERS LTD, |
| Date of publication, distribution, etc. | 1967, |
| 300 ## - PHYSICAL DESCRIPTION | |
| Extent | Viii, 181 P, ILL |
| 500 ## - GENERAL NOTE | |
| General note | INCLUDES BIBLIOGRAPHICAL REFERENCES AND INDEX |
| 650 ## - SUBJECT ADDED ENTRY--TOPICAL TERM | |
| Topical term or geographic name entry element | Lichens |
| 700 ## - ADDED ENTRY--PERSONAL NAME | |
| Personal name | EDITORS E.J.W BARRINGTON,ARTHUR J. WILLIS |
| 942 ## - ADDED ENTRY ELEMENTS (KOHA) | |
| Koha item type | Long Loan Book |
| Source of classification or shelving scheme | Library of Congress Classification |
| Withdrawn status | Lost status | Source of classification or shelving scheme | Damaged status | Not for loan | Collection | Home library | Current library | Shelving location | Date acquired | Inventory number | Total checkouts | Full call number | Barcode | Date last seen | Copy number | Price effective from | Koha item type |
|---|---|---|---|---|---|---|---|---|---|---|---|---|---|---|---|---|---|
| Library of Congress Classification | Science & Technology | Kisii University Library | Kisii University Library | On Display | 09/15/2023 | 6930 | QH 581 .H35 1967 | 035375 | 09/15/2023 | 1 | 09/15/2023 | Long Loan Book |